Normal view MARC view
  • KOSHI, DR. RECHAL

Entry Personal Name

Number of records used in: 1

001 - CONTROL NUMBER

  • control field: 8148

003 - CONTROL NUMBER IDENTIFIER

  • control field: JRU

005 - DATE AND TIME OF LATEST TRANSACTION

  • control field: 20230821120205.0

008 - FIXED-LENGTH DATA ELEMENTS

  • fixed length control field: 230821|| aca||aabn | a|a d

040 ## - CATALOGING SOURCE

  • Original cataloging agency: JRU
  • Transcribing agency: JRU

100 ## - HEADING--PERSONAL NAME

  • Personal name: KOSHI, DR. RECHAL

670 ## - SOURCE DATA FOUND

  • Source citation: Work cat.: (JRU)8405: KOSHI, DR. RECHAL, CUNNINGHAM'S MANUAL OF PRACTICAL ANATOMY: HEAD , NECK, AND BRAIN [VOL-3], 2018